|
|
|
|
| LEADER |
00000nab a2200000 a 4500 |
| 001 |
vtls000476852 |
| 003 |
SK-MaSNL |
| 005 |
20260303005336.0 |
| 008 |
160216c1993 xo 0 slo |
| 015 |
|
|
|a SNBRB19rr/mm-uuuuu
|
| 035 |
|
|
|a CL0476986
|
| 040 |
|
|
|a SNKBUCL
|b slo
|c SNKBUCL
|e AACR2
|
| 041 |
0 |
|
|a slo
|
| 044 |
|
|
|a xo
|c SK
|
| 080 |
|
|
|a 82:929:885.4
|2 1981
|
| 080 |
|
|
|a 885.4
|2 1981
|
| 080 |
|
|
|a 929 Janík, Pavol
|2 1981
|
| 100 |
1 |
|
|a Janík, Pavol
|4 aut
|9 305045
|
| 245 |
1 |
0 |
|a Fašista Janík alebo prečo umrel Koridor
|c Pavol Janík, Peter Valo
|
| 600 |
1 |
7 |
|a Janík, Pavol,
|d 1956-
|2 snkbucl
|9 221069
|
| 655 |
|
7 |
|a články z novín a časopisov
|2 snkbucl
|9 267496
|
| 655 |
|
7 |
|a články z odboru literárna veda a krásna literatúra
|2 snkbucl
|9 770045
|
| 700 |
1 |
|
|a Valo, Peter
|4 aut
|9 320277
|
| 773 |
0 |
|
|t Slovenský národ
|g Roč. 4, č. 3 (1993), s. 5
|
| 850 |
|
|
|a Slovenská národná knižnica v Martine
|a MTA001
|
| 852 |
|
|
|a SNK
|b KIS3GCP
|
| 958 |
|
|
|a BX
|
| 958 |
|
|
|a RK
|
| 958 |
|
|
|a LX
|
| 992 |
|
|
|a RBX
|
| 999 |
|
|
|c 1582016
|d 1583946
|